000
00304cam a2200121ua 4500
082
_a
823.301
_b
BHA/BO
100
_a
Bhattacharya, A .
_9
1637
245
_a
Book of Short Stories /
260
_a
Culcutta :
_b
Indian Press Ltd ,
_c
1970.
300
_a
148 ; .
700
1
_a
Essauloff, K .
_9
1638
942
_c
BK
999
_c
4394
_d
4394